000 00339nam a22001337a 4500
008 171106b xxu||||| |||| 00| 0 eng d
020 _a9780072442533
041 _aeng
080 _212 ED
_a330.722.6
100 _a61
101 _aKON
245 _aACCOUTING FOR GOVERNMENTAL AND NONPROFIT ENTITIES
_cWILSON.H.K
942 _2udc
_cBK
999 _c37766
_d37766